| 000 | 00556nam a2200169Ia 4500 | ||
|---|---|---|---|
| 003 | IN-BaIIA | ||
| 008 | 211028s9999 xx 000 0 eng d | ||
| 040 | _cIIA Library | ||
| 080 |
_a535.33 _bCOB |
||
| 100 |
_aCoblentz, William W. _91784 |
||
| 245 | 0 |
_aInvestigations of infra-red spectra _bpart III & IV _cWilliam W. Coblentz |
|
| 260 |
_aWashington _bThe Carnegie Institution _c1906 |
||
| 300 | _a183p | ||
| 490 | _aCarnegie institution of Washington publication; no.65 | ||
| 650 |
_aSpectroscopy _91535 |
||
| 942 | _cBK | ||
| 999 |
_c835 _d835 |
||